| Поле | Название | Значение |
| |
Тип записи |
a |
| |
Библиографический уровень |
m |
| 001 |
Контрольный номер |
RU/REG73/CBS_GRAD/654536542 |
| 005 |
Дата корректировки |
20240719155056.0 |
| 010 |
Индекс ISBN |
__ |
| a |
ISBN |
978-5-389-20211-5 |
| b |
Уточнения |
в пер. |
| d |
Цена |
175 р. 84 к. |
| 9 |
Тираж |
5000 экз. |
| 100 |
Данные общей обработки |
__ |
| a |
Данные общей обработки |
20240719d2023 c y0rusy0189## ca |
| 101 |
Язык документа |
0_ |
| a |
Язык текста |
rus |
| 105 |
Кодированные данные (монография) |
__ |
| a |
Кодированные данные (монография) |
a z 000ay |
| 200 |
Заглавие и сведения об ответственности |
1_ |
| a |
Заглавие |
Сибирочка |
| e |
Сведения, относящиеся к заглавию |
повесть |
| f |
Первые сведения об ответственности |
Лидия Чарская |
| b |
Общее обозначение материала |
Текст |
| g |
Последующие сведения об ответственности |
вступ. ст. Н. Дровалёвой; художник Е. Чудновская; отв. редактор Н. Родионова |
| 203 |
Вид содержания и тип средства |
__ |
| a |
Вид содержания |
Текст |
| b |
Характеристика содержания |
визуальный |
| c |
Тип средства |
непосредственный |
| 210 |
Выходные данные |
1_ |
| a |
Место издания |
Москва |
| c |
Издательство |
Махаон |
| c |
Издательство |
Азбука-Аттикус |
| d |
Дата издания |
2023 |
| 215 |
Физическое описание |
__ |
| a |
Объем |
176 с. |
| c |
Иллюстрации/тип воспроизводства |
ил. |
| d |
Формат |
22 см |
| 225 |
Серия |
1_ |
| a |
Серия |
Чтение-лучшее учение |
| 333 |
Примечание о целевом назначении |
__ |
| a |
Примечание о целевом назначении |
6+ |
| 606 |
Тематические рубрики |
0_ |
| a |
Основная рубрика |
Проза (д.л.) |
| 610 |
Ключевые слова |
0_ |
| a |
Ключевые слова |
повести о девочках (х.л.), сибирская тайга (х.л.), сироты (х.л.), жизненные трудности (х.л.), трогательные истории |
| 686 |
Индексы других классификаций |
__ |
| a |
Классификационный индекс |
84(2 Рос=Рус) |
| 2 |
Код системы |
rubbk |
| 700 |
Автор |
_1 |
| a |
Фамилия |
Чарская |
| g |
Полное личное имя |
Лидия Алексеевна |
| 4 |
Код отношения |
070 |
| 702 |
Вторичная интеллектуальная ответственность |
_1 |
| a |
Фамилия |
Дровалёва |
| b |
Имя (инициалы) |
Н. |
| 4 |
Код отношения |
080 |
| 702 |
Вторичная интеллектуальная ответственность |
_1 |
| a |
Фамилия |
Чудновская |
| b |
Имя (инициалы) |
Е. |
| 4 |
Код отношения |
040 |
| 702 |
Вторичная интеллектуальная ответственность |
_1 |
| a |
Фамилия |
Родионова |
| b |
Имя (инициалы) |
Н.Н. |
| 4 |
Код отношения |
340 |
| 801 |
Источник записи |
_0 |
| a |
Страна |
RU |
| b |
Организация |
RuCBSGrad |
| g |
Правила каталогизации |
PSBO |
| c |
Дата составления |
20240719 |
| 801 |
Источник записи |
_1 |
| a |
Страна |
RU |
| b |
Организация |
RuCBSGrad |
| g |
Правила каталогизации |
PSBO |
| c |
Дата составления |
20240719 |
| 852 |
Данные о местонахождении |
__ |
| a |
Наименование организации |
МБУК "ЦБС г.Димитровграда" |
| i |
Авторский знак |
Ч-22 |
| 901 |
Тип документа |
__ |
| t |
Тип документа |
m |
| 909 |
Создатель записи |
__ |
| a |
Создатель записи |
Щукина |
| b |
Дата создания записи |
20240719 |
| 981 |
|
__ |
| b |
|
i |
| g |
|
e |
| 2 |
|
isbdcontent |
| 982 |
|
__ |
| b |
|
n |
| 2 |
|
isbdmedia |
| 993 |
|
__ |
| a |
|
8923 |
| b |
|
3576 |
| c |
|
Ретро |
| e |
|
174962 |
| f |
|
ЦГДБ |
| h |
|
10.00 |
| i |
|
174962 |
| m |
|
1 |
| n |
|
44101.578414 |
| o |
|
I |
| x |
|
1 |
| y |
|
1 |
| z |
|
84(2Рос=Рус)6 |